000 00561nam a22001577a 4500
003 0
005 20231107101820.0
008 231107b xxu||||| |||| 00| 0 eng d
050 _aBF 204.6
_b.M37 2023
100 _aMarcalas, Darlene Jill D.
245 _aHappiness and socila support among young lesbian, gay, bisexual, and transgender adults in an online community
_cMarcalas, Darlene Jill D.
260 _aLas Pinas City
_bSouthville International School and Colleges
_cc2023.
300 _a277 p.
_c28cm.
500 _aPositive psychology.
942 _2lcc
_cTH
999 _c365584
_d365584